Central Library OPAC University of Rajshahi

Payne and Ivamy's carriage of goods by sea / (Record no. 4233)

MARC details
000 -LEADER
fixed length control field 01127cam a2200313 4500
001 - CONTROL NUMBER
control field 4233
003 - CONTROL NUMBER IDENTIFIER
rucl marc code BD-RjUL
005 - DATE AND TIME OF LATEST TRANSACTION
control field 20211208233846.0
008 - FIXED-LENGTH DATA ELEMENTS--GENERAL INFORMATION
fixed length control field 160803s1972 enk 001 0 eng
020 ## - INTERNATIONAL STANDARD BOOK NUMBER
International Standard Book Number 0406640548
-- 0406640556 (pbk)
035 ## - SYSTEM CONTROL NUMBER
System control number (BD-RjUL)4268
040 ## - CATALOGING SOURCE
Original cataloging agency DLC
Transcribing agency DLC
Modifying agency DLC
-- BD-RjUL
Language of cataloging eng
041 ## - LANGUAGE CODE
Language code of text/sound track or separate title eng
082 00 - DEWEY DECIMAL CLASSIFICATION NUMBER
Classification number 343.420968
Edition number 19
Author mark and year IVP 1972
100 1# - MAIN ENTRY--PERSONAL NAME
Personal name Ivamy, E. R. Hardy
9 (RLIN) 13417
245 00 - TITLE STATEMENT
Title Payne and Ivamy's carriage of goods by sea /
Statement of responsibility, etc. E. R. Hardy Ivamy.
250 ## - EDITION STATEMENT
Edition statement 9th ed.
260 ## - PUBLICATION, DISTRIBUTION, ETC. (IMPRINT)
Place of publication, distribution, etc. London :
Name of publisher, distributor, etc. Butterworths,
Date of publication, distribution, etc. 1972.
300 ## - PHYSICAL DESCRIPTION
Pagination xlviii, 280 p. ;
Size 22 cm.
500 ## - GENERAL NOTE
General note First ed. published in 1914 under title: An outline of the law relating to carriage of goods by sea.
650 #0 - SUBJECT ADDED ENTRY--TOPICAL TERM
Topical term or geographic name as entry element Maritime law
Geographic subdivision Great Britain.
9 (RLIN) 13418
Topical term or geographic name as entry element Bills of lading
Geographic subdivision Great Britain.
9 (RLIN) 13419
700 1# - ADDED ENTRY--PERSONAL NAME
Personal name Ivamy, E. R. Hardy
Fuller form of name (Edward Richard Hardy)
710 1# - ADDED ENTRY--CORPORATE NAME
Corporate name or jurisdiction name as entry element Great Britain.
Form subheading Laws, statutes, etc.
9 (RLIN) 7580
942 ## - ADDED ENTRY ELEMENTS (KOHA)
Source of classification or shelving scheme Dewey Decimal Classification
Koha item type Books
Holdings
Lost status Source of classification or shelving scheme Damaged status Not for loan Collection code Permanent Location Current Location Shelving location Date acquired Source of acquisition Cost, normal purchase price Total Checkouts Full call number Date last seen Copy number Koha item type
  Dewey Decimal Classification   Not For Loan Non-fiction Central Library, University of Rajshahi Central Library, University of Rajshahi Reading Room 01/02/1975 johanthan wren and co. 4.00   343.420968 IVP 1972 22/12/2013 C-1 Books